Criterios / (Registro nro. 7146)

Detalles MARC
000 -LEADER
fixed length control field 00895nam a2200301 u 4500
001 - CONTROL NUMBER
control field 000020479
003 - CONTROL NUMBER IDENTIFIER
control field DO-SdBNP
005 - DATE AND TIME OF LATEST TRANSACTION
control field 20171024075542.0
007 - PHYSICAL DESCRIPTION FIXED FIELD--GENERAL INFORMATION
fixed length control field 000020479
008 - FIXED-LENGTH DATA ELEMENTS--GENERAL INFORMATION
fixed length control field 100809s1993 dr r 000 0 spa d
040 ## - CATALOGING SOURCE
Original cataloging agency BPMSU
Language of cataloging spa
Transcribing agency BPMSU
082 ## - DEWEY DECIMAL CLASSIFICATION NUMBER
Classification number RD864.44
Item number E56c
100 1# - MAIN ENTRY--PERSONAL NAME
Personal name Encarnación, Giordano
245 10 - TITLE STATEMENT
Title Criterios /
Statement of responsibility, etc. Giordano Encarnación ; presentación Mariano Lebrón Sabiñón.
260 ## - PUBLICATION, DISTRIBUTION, ETC. (IMPRINT)
Place of publication, distribution, etc. Santo Domingo :
Name of publisher, distributor, etc. Biblioteca Nacional,
Date of publication, distribution, etc. 1993.
300 ## - PHYSICAL DESCRIPTION
Extent 144 p. ;
Dimensions 21 cm.
490 1# - SERIES STATEMENT
Series statement Orfeo
490 1# - SERIES STATEMENT
Series statement Ensayos
500 ## - GENERAL NOTE
General note Incluye datos biográficos del autor en la contracubierta
650 #4 - SUBJECT ADDED ENTRY--TOPICAL TERM
Topical term or geographic name as entry element ENSAYOS DOMINICANOS
650 #4 - SUBJECT ADDED ENTRY--TOPICAL TERM
Topical term or geographic name as entry element LITERATURA DOMINICANA
700 1# - ADDED ENTRY--PERSONAL NAME
Personal name Lebrón Sabiñón, Mariano
Relator term pres.
830 #0 - SERIES ADDED ENTRY--UNIFORM TITLE
Uniform title Orfeo
830 #0 - SERIES ADDED ENTRY--UNIFORM TITLE
Uniform title Ensayos
942 ## - ADDED ENTRY ELEMENTS (KOHA)
Source of classification or shelving scheme Dewey Decimal Classification
Koha item type Archivos digitales
945 ## - LOCAL PROCESSING INFORMATION (OCLC)
a Inventariado / 2017 VM
956 ## - LOCAL ELECTRONIC LOCATION AND ACCESS (OCLC)
Host name VMATEO
Access number 10
Compression information 20150914
Logon BPMSU
Processor of request 0069
Existencias
Withdrawn status Lost status Source of classification or shelving scheme Damaged status Not for loan Collection code Home library Current library Date acquired Source of acquisition Total Checkouts Full call number Barcode Date last seen Price effective from Koha item type Copy number
    Dewey Decimal Classification     Colección Dominicana Biblioteca Pública Metropolitana Salomé Ureña Biblioteca Pública Metropolitana Salomé Ureña 07/14/2014 Bibliotca Nacional   RD864.44 E56c BPMSU15040560 07/14/2014 07/14/2014 Libros  
    Dewey Decimal Classification     Colección Dominicana Biblioteca Pública Metropolitana Salomé Ureña Biblioteca Pública Metropolitana Salomé Ureña 07/14/2014 Biblioteca Nacional   RD864.44 E56c BPMSU15040561 07/14/2014 07/14/2014 Libros e. 2